00601nam a2200169 a 4500008004100000020001500041050001800056100002200074245002900096246002100125260002800146300002100174350000900195995008400204999001700288952012600305120416s1991 ||||||||||||||||| || u a0435450034 aHG 4027.3 Car aCarysforth, Carol10aFinancial administration aspecialist units aOxfordbHeinemannc1991 avi, 208p. : ill. a0.00 D0.00FCBU-MAIN LIBRARY (Kitwe)H1I4.95UAVAILABLEZAnnex Low-Usage Collection  c43335d43335 00102lcc4070a001b001cAnnex Low-Usage Collection d2022-11-30l0oHG 4027.3 Carp007442r2022-11-30w2022-11-30y002